La filosofia alemana, de leibniz a hegel /
Guardado en:
| Autor Principal: | |
|---|---|
| Formato: | Libro |
| Publicado: |
Madrid :
Siglo Xxi,
1978
|
| Edición: | 3a. ed. |
| Series: | Historia De La Filosofia, 7
|
| Materias: | |
| Etiquetas: |
Agregar Etiqueta
Sin Etiquetas, Sea el primero en etiquetar este registro!
|
| LEADER | 00580nam a22001935a 4500 | ||
|---|---|---|---|
| 001 | EHU.bham003413 | ||
| 003 | AR-BHAM | ||
| 005 | 20070524171548.0 | ||
| 008 | 130507s1978##################000#0#####d | ||
| 082 | 1 | 9 | |a 193 |
| 100 | 1 | |a Belaval, Ivon | |
| 245 | 1 | 0 | |a La filosofia alemana, de leibniz a hegel / |c Ivon Belaval. |
| 250 | |a 3a. ed. | ||
| 260 | |a Madrid : |b Siglo Xxi, |c 1978 | ||
| 300 | |a 459 p. | ||
| 490 | 0 | |a Historia De La Filosofia, 7 | |
| 500 | |a Bibliografia: Al Final De Cada Capitulo | ||
| 653 | |a Filosofia alemana | ||
| 859 | |a AR-BHAM |b BIB. HUMANIDADES - General |h 193 |i B41A3 |p 29.79 |t Ej.1 | ||
